| 000 | 00503nam a2200193Ia 4500 | ||
|---|---|---|---|
| 003 | OSt | ||
| 005 | 20241203094805.0 | ||
| 008 | 210716s1977 xx 000 0 und d | ||
| 020 | _a0380009919 | ||
| 040 | _cAIMIT LIBRARY | ||
| 041 | _aeng | ||
| 082 |
_a808.83 _21 _bCONP |
||
| 100 |
_aConroy, Pat. _9187382 |
||
| 245 |
_aGreat santini / _cBy Pat Conroy |
||
| 250 | _a1st ed. | ||
| 260 |
_aNew York : _bAvon Books ; _c1977. |
||
| 300 |
_a506p. ; _bPB _c18 cm. |
||
| 942 |
_2ddc _cBK _e1st ed. _k808.83 CONP |
||
| 999 |
_c200361 _d200361 |
||